Statistics for Countries with "man" "men" or "he"*** in their name

Click here to take the quiz!

General Stats

  • This quiz has been taken 59 times
  • The average score is 4 of 9

Answer Stats

Answer% Correct
Yemen
69%
Turkmenistan
67%
Oman
65%
Armenia
52%
Germany
52%
Netherlands
44%
Romania
35%
Seychelles
23%
Bosnia and Herzegovina
17%

Score Distribution

Percentile by Number Answered

Percent of People with Each Score

Your Score History

You have not taken this quiz